|
|
|
|
| LEADER |
00000nab a2200000 a 4500 |
| 001 |
vtls008875005 |
| 003 |
SK-MaSNL |
| 005 |
20260305022732.0 |
| 008 |
141112c2005 xo 0 eng |
| 015 |
|
|
|a SNBCL2005/5
|
| 035 |
|
|
|a SLK035154
|
| 040 |
|
|
|a SLKCL
|b slo
|c SNKBUCL
|e AACR2
|
| 041 |
1 |
|
|a eng
|a slo
|
| 044 |
|
|
|a xo
|c SK
|
| 080 |
|
|
|a 616-053.31:575.113:394:17:061.3
|2 1981
|
| 100 |
1 |
|
|a Drobná, Helena,
|d 1946-
|4 aut
|9 223307
|
| 245 |
1 |
0 |
|a Niektoré etické problémy v neonatológi
|c H. Drobná
|
| 246 |
1 |
0 |
|a Some ethical problems in neonatology
|
| 650 |
0 |
7 |
|a neonatológia
|2 MESH
|9 13410
|
| 650 |
0 |
7 |
|a etika
|2 MESH
|9 792
|
| 650 |
0 |
7 |
|a choroby a abnormality novorodenecké, vrodené a dedičné
|x klasifikácia
|2 MESH
|9 1600461
|
| 650 |
0 |
7 |
|a klasifikácia
|2 MESH
|9 3849
|
| 650 |
0 |
7 |
|a resuscitácia
|2 MESH
|9 18888
|
| 650 |
0 |
7 |
|a abstrakty z kongresu
|2 MESH
|9 168204
|
| 650 |
0 |
7 |
|a predčasný pôrod
|2 SNKPH
|9 71692
|
| 711 |
2 |
|
|a Slovenský pediatrický kongres
|n (5. :
|d 2005 :
|c Bratislava, Slovensko)
|4 aut
|9 171695
|
| 773 |
0 |
|
|t Česko-slovenská pediatrie
|g Roč. 60, č. 8-9 (2005), s. 472
|x 0069-2328
|
| 850 |
|
|
|a Slovenská lekárska knižnica v Bratislave
|a BA006
|
| 852 |
|
|
|a BA006
|b KIS3GCP
|b 000500000
|
| 999 |
|
|
|c 3292472
|d 3294402
|